Online Catalogue and eLibrary

Between spaces of silence, women creative writers / (Record no. 140)

MARC details
000 -LEADER
fixed length control field 00559cam a2200193 a 4500
001 - CONTROL NUMBER
control field 3975536
005 - DATE AND TIME OF LATEST TRANSACTION
control field 20231205002226.0
008 - FIXED-LENGTH DATA ELEMENTS--GENERAL INFORMATION
fixed length control field 940512s1994 ii b 000 0 eng
040 ## - CATALOGING SOURCE (பட்டியலாக்க மூலம்)
Original cataloging agency DLC
Transcribing agency DLC
082 ## - DDC Classification
DDC Edition Number 22
Class No. 305.4.
245 00 - TITLE STATEMENT
Title Between spaces of silence, women creative writers /
Statement of responsibility, etc. edited by Kamini Dinesh.
260 ## - PUBLICATION, DISTRIBUTION, ETC.
Place of publication, distribution, etc. New Delhi :
Name of publisher, distributor, etc. Sterling Publishers,
Date of publication, distribution, etc. 1994.
300 ## - PHYSICAL DESCRIPTION
Extent (e.g. Volumes, Pages etc.) 165 p. ;
650 #0 - SUBJECT ADDED ENTRY--TOPICAL TERM
Topical term or geographic name entry element Indic literature (English)
650 #0 - SUBJECT ADDED ENTRY--TOPICAL TERM
Topical term or geographic name entry element Indic literature (English)
650 #0 - SUBJECT ADDED ENTRY--TOPICAL TERM
Topical term or geographic name entry element Women and literature
700 1# - ADDED ENTRY--PERSONAL NAME
Personal name Dinesh, Kamini.
Relator term (Role) Editor
942 ## - Koha item type (Biblio)
Koha item type Books in Stacks (Lending)
Holdings
Lost status Damaged status Collection code Home library Current library Date acquired Full call number Accession Number Item type
    Lending WERC Library WERC Library 12/05/2023 305.4. 2515 Books in Stacks (Lending)

© WERC Library